000 01300nam a2200289 4500
001 113830
003 DR-UNIBE
005 20250703160828.0
008 250703b2003 dr ||||| |||| 00| 0 spa d
040 _aBIBLIOTECA UNIBE
_bspa
_cBIBLIOTECA UNIBE
_erda
041 _aspa
082 _222
_aRD 372.357 R579na
100 1 0 _aRincón Ozuna, Andrea Griselda
_9197019
_eautor
100 1 0 _a Vásquez Güichardo, Julia Mery
_9197020
_eautor
245 1 0 _aNaturales 6 /
_cAndrea Griselda Rincón Ozuna, Julia Mery Váquez Güichardo
250 _aPrimera edición
260 _a Santo Domingo :
_bEditesa,
_c2003
300 _a172 páginas :
_bilustraciones a color ;
_c27 x 21 cm
490 _aCiencias de la Naturaleza ;
_v6
505 _aPresentación | Unidad 1. Organización de la vida | Unidad 2. Funciones vitales | Unidad 3. El calor y los cambios en la materia | Unidad 4. La luz, fuente de energía
650 7 _2lemb
_aCiencias naturales
_xEnseñanza
_xEducación primaria
_9197043
700 1 0 _aRosa, María del Jesus de la
_9197022
_edirector técnico
700 1 0 _aHutchinson, Rafael
_953464
_eilustrador
_ediseñador de portada
700 1 0 _aLópez, Ángel
_9197041
_edigitador
700 1 0 _aLópez Genao, Cruz Altagracia
_953505
_ediagramador
_ediseñador gráfico
942 _2ddc
_cBK
999 _c113830
_d113830